| 000 | 00457nam a2200157 4500 | ||
|---|---|---|---|
| 999 |
_c114333 _d114333 |
||
| 005 | 20191023110238.0 | ||
| 008 | 191023b ||||| |||| 00| 0 eng d | ||
| 020 | _a9781847741240 | ||
| 040 | _cPK-LaUMT | ||
| 082 |
_a305.89590591 _bABD-R |
||
| 100 | _aAbdul Bari, Muhammad | ||
| 245 |
_aThe Rohingya crisis : _ba people facing extinction / _cby Muhammad Abdul Bari |
||
| 260 |
_aLeicestershire : _bKube Publishing, _c2018 |
||
| 300 | _a74 p. | ||
| 942 | _cBK | ||